Jak to powiedzieć po angielsku 3? - Statystyki

Ogólne statystyki
  • Ten quiz został rozwiązany 325 razy
  • Średni wynik to 8 z 20
Statystyki odpowiedzi
Słowo Odpowiednik po Angielsku % Poprawnych
Powietrze Air
77%
Kubek Cup
77%
Pudełko Box
70%
Paznokiec Nail
62%
Lizak Lollipop
60%
Wstyd Shame
53%
Linijka Ruler
50%
Śmieci Rubbish
44%
Podatki Taxes
41%
Nadgarstek Wrist
39%
Neutralność Neutrality
38%
Priorytet Priority
38%
Walizka Suitcase
34%
Hulajnoga Scooter
26%
Nieszczęście Unhappiness
13%
Skakanka Jumping rope
12%
Karuzela Carousel
10%
Położna Midwife
7%
Tęczówka Iris
6%
Szklarz Glazier
4%
Nie znaleziono quizów pasujących do podanych kryteriów
Rozkład punktacji
Procent ludzi z każdym wynikiem
Percentyl według liczby udzielonych odpowiedzi
Twoja historia wyników
Nie rozwiązałeś tego quizu